000 00757nam a2200169Ia 4500
003 GCL
005 20240530110904.0
008 140319s9999 xx 000 0 ara d
040 _aGCL /
_cGCL
082 0 4 _a227
_bك ت
100 1 _aبن كثير القرشى : عماد الدين ابوالفداء اسماعيل بن عمر بن كثير بن ضوء البصرى الدمشقى
245 1 0 _aتفسير القران العظيم /
_cبن كثير القرشى : عماد الدين ابوالفداء اسماعيل بن عمر بن كثير بن ضوء البصرى الدمشقى
260 _aالاسكندرية :
_bمكتبة الحرية ،
_c1990
300 _a4 جزء ؛
_c24 سم
650 0 4 _aالقران - تفسير
942 _2ddc
_cBK
999 _c66179
_d66179